| 000 | 00437nam a2200181Ia 4500 | ||
|---|---|---|---|
| 005 | 20250423101615.0 | ||
| 008 | 250422s9999 xx 000 0 und d | ||
| 020 | _a0-03-089715-7 | ||
| 050 | _aBF 121 .M42/ | ||
| 100 | _aMcConnell, James V. | ||
| 245 | 0 | _aUnderstanding human behavior | |
| 250 | _a2nd ed. | ||
| 260 | _aNew York | ||
| 260 | _bHolt, Rinehart and Winston, Inc. | ||
| 260 | _c1977 | ||
| 300 | _a736 p | ||
| 942 | _cBK | ||
| 999 |
_c36743 _d36743 |
||